Gaming Quiz

Random Gaming or Pokémon Quiz

25 Heaviest Pokémon (Gen. 1) Quiz Stats

 Plays Quiz Updated May 8, 2016

Challenge
Share
Tweet
Score 0/25 Timer 08:00
2 Plays Today
% Correct
Blastoise
91.2%
Venusaur
91.1%
Snorlax
90%
Charizard
87.1%
Dragonite
85%
Onix
84.2%
Golem
83.8%
Rhydon
81%
Machamp
79.5%
Rhyhorn
76.8%
Kangaskhan
76.7%
Lapras
73.7%
Gyarados
70.8%
% Correct
Graveler
58.4%
Tauros
57.1%
Arcanine
53.5%
Mewtwo
53%
Slowbro
48.4%
Exeggutor
45.5%
Cloyster
44.7%
Dewgong
37.9%
Rapidash
28.2%
Starmie
27.9%
Seel
21.5%
Dodrio
19.9%

You're not logged in!

Compare scores with friends on all Sporcle quizzes.
OR
Log In

You Might Also Like...

Show Comments

Extras

Top Quizzes Today


Score Distribution

Your Account Isn't Verified!

In order to create a playlist on Sporcle, you need to verify the email address you used during registration. Go to your Sporcle Settings to finish the process.

Report this User

Report this user for behavior that violates our Community Guidelines.

Details: